000 00563nam a2200145Ia 4500
008 170221s9999 xx 000 0 und d
100 _aVioletta K. Shkuropatskaya
245 _aDevelopment of a Methodology of the Product Line Matrix Formation of the Enterprise Fabricating Clothes
245 _cVioletta K. Shkuropatskaya, Inna L. Klochko, Lyudmila Y. Falko
260 _bInternational Review of Management and Marketing
260 _c2016
300 _a15 : 17
650 _xMarketing.
856 _uhttp://www.econjournals.com/index.php/irmm/issue/view/70
999 _c311982
_d311982